000 01152nas a2200277Ia 4500
001 R264-R6498
003 IT-CnALBA
008 170116c99999999xx |||||||||||| ||und||
040 _aIT-CnALBA
_cIT-CnALBA
041 _aITALIANO
100 _aBERNAREGGI ADRIANO, VESCOVO DI BERGAMO.
210 _aAMBROSIUS
222 _aAMBROSIUS
245 0 _aAMBROSIUS. BOLLETTINO LITURGICO AMBROSIANO. VOL. II. ANNO 1926.
250 _a1a ed.
260 _aMILANO
_bSEMINARIO DEL DUOMO ED.
_c1926 [1° Ed.:1926 - Ed.Ling.Originale: 1926]
300 _a152 p. (prefazione: 8)
310 _aMENSILE
362 _a Vol II°/ (1926)
500 _aINDICE AUTORI E ARTICOLI. ILLUSTRAZIONI. INDICE NOMI E COSE. FOGLIO MULIEBRE. CANTO AMBROSIANO. GIORNALE DEI CHIERICHETTI. LA LITURGIA DEI FEDELI.
501 _aSocietà San Paolo EM - Piazza San Paolo, 14 - 12051 ALBA (CN) (non commercial uses only) ® Copyright 2017
520 _aINDICE AUTORI E ARTICOLI. ILLUSTRAZIONI. INDICE NOMI E COSE. FOGLIO MULIEBRE. CANTO AMBROSIANO. GIORNALE DEI CHIERICHETTI. LA LITURGIA DEI FEDELI.
650 _aCULTO PUBBLICO LITURGIA
942 _cCR
957 _71
999 _a58064
_bSI
_g1
_c325091
_d325091